00515nam a2200169Ia 450000500170000000800410001702000150005808200130007310000180008624500380010426000370014230000120017950000380019194200060022995200950023599900150033020250624014410.0240331s9999 xx 000 0 und d a9552107040 bMADa352 aMaddumarala,R 0aSri Lankawe Andukrama vikashanaya aColombobM.D.Gunasena & Coc1994 a73 p ., aSri Lankan Constitution Broadcast cL 001040708LaWERCLbWERCLcSSCd2024-03-31l0o 352 MADp3455r2024-03-31w2024-03-31yL c5332d5332